[Event "X OPEN INTERNACIONAL"]
[Site "Arrasate"]
[Date "2010.10.29"]
[Round "4.7"]
[White "Miguel Quintero, Antonio"]
[Black "Villar Moron, Roberto"]
[Result "1-0"]
[WhiteElo "2185"]
[BlackElo "1931"]
[PlyCount "43"]
[EventDate "2010.10.08"]

1. e4 c5 2. c3 d5 3. exd5 Qxd5 4. d4 Nc6 5. Nf3 Bg4 6. Be2 e6 7. Be3 cxd4 8.
cxd4 Nf6 9. Nc3 Qa5 10. O-O a6 11. h3 h5 12. Qb3 Qc7 13. Rfe1 g5 14. d5 Bxf3
15. Bxf3 g4 16. Bb6 Qf4 17. dxc6 gxf3 18. cxb7 Rb8 19. Be3 Qc7 20. Qa4+ Qd7 21.
Qf4 e5 22. Qxe5+ 1-0

[Event "X OPEN INTERNACIONAL"]
[Site "Arrasate"]
[Date "2010.10.29"]
[Round "4.8"]
[White "Tornay Gomez, Josu"]
[Black "Alcaide Rodriguez, Mikel"]
[Result "1-0"]
[WhiteElo "2123"]
[BlackElo "1799"]
[PlyCount "53"]
[EventDate "2010.10.08"]

1. e4 c5 2. Nc3 Nc6 3. f4 g6 4. Nf3 Bg7 5. Bb5 Nd4 6. O-O Nxb5 7. Nxb5 a6 8.
Nc3 d6 9. d3 e6 10. e5 d5 11. d4 cxd4 12. Ne2 Ne7 13. Nexd4 Nc6 14. Be3 Bd7 15.
Nb3 b6 16. Qe2 Bc8 17. Rfd1 Qc7 18. c4 Ne7 19. Rac1 dxc4 20. Rxc4 Qb7 21. Rd6
Nd5 22. Ng5 Bd7 23. Qf2 Bf8 24. Ne4 Be7 25. Bxb6 Nxb6 26. Rxb6 Qd5 27. Rd4 1-0

[Event "X OPEN INTERNACIONAL"]
[Site "Arrasate"]
[Date "2010.10.29"]
[Round "4.3"]
[White "Franco Alonso, Alejandro"]
[Black "Alcaide Luque, Aitor"]
[Result "1-0"]
[WhiteElo "2490"]
[BlackElo "2182"]
[PlyCount "71"]
[EventDate "2010.10.08"]

1. Nf3 f5 2. c4 Nf6 3. g3 e6 4. Bg2 Be7 5. O-O O-O 6. b3 d6 7. d4 Qe8 8. Bb2
Nbd7 9. Nc3 Qh5 10. e3 g5 11. Ne1 Qh6 12. Nd3 c6 13. e4 e5 14. exf5 exd4 15.
Na4 Ne5 16. Bxd4 Bxf5 17. Nxe5 dxe5 18. Bc5 Bxc5 19. Nxc5 Rad8 20. Qe2 Rd4 21.
f3 Re8 22. Rad1 b6 23. Nb7 Qf8 24. c5 bxc5 25. Qe3 h6 26. Qc1 c4 27. Rxd4 exd4
28. Qxc4+ Qf7 29. Qxf7+ Kxf7 30. Nd6+ Ke6 31. Nxe8 Nxe8 32. Rc1 Kd6 33. b4 Nf6
34. f4 Ne4 35. Bxe4 Bxe4 36. Kf2 1-0

[Event "X OPEN INTERNACIONAL"]
[Site "Arrasate"]
[Date "2010.10.29"]
[Round "4.2"]
[White "Argandoña Riveiro, Iñigo"]
[Black "Prieto Aranguren, Alain"]
[Result "1-0"]
[WhiteElo "2408"]
[BlackElo "2146"]
[PlyCount "49"]
[EventDate "2010.10.08"]

1. Nf3 c6 2. c4 Nf6 3. d4 d5 4. e3 e6 5. b3 Nbd7 6. Bb2 Be7 7. Bd3 O-O 8. Nc3
b6 9. Qc2 Bb7 10. O-O Rc8 11. Rfd1 c5 12. cxd5 exd5 13. dxc5 Nxc5 14. Bf5 Ne6
15. Rac1 g6 16. Bh3 Qc7 17. Qb1 Qb8 18. Nd4 Nxd4 19. Bxc8 Bxc8 20. Rxd4 Bf5 21.
Qa1 Bc5 22. Nxd5 Bxd4 23. Ne7+ Kg7 24. Bxd4 Qd6 25. Rc6 1-0

[Event "X OPEN INTERNACIONAL"]
[Site "Arrasate"]
[Date "2010.11.05"]
[Round "5.1"]
[White "Franco Alonso, Alejandro"]
[Black "Astasio Lopez, David"]
[Result "1-0"]
[WhiteElo "2490"]
[BlackElo "2317"]
[PlyCount "64"]
[EventDate "2010.10.08"]

1. c4 c6 2. d4 d5 3. Nf3 Nf6 4. Qc2 g6 5. Bf4 Bf5 6. Qb3 Qb6 7. e3 Na6 8. Nc3
Nb4 9. c5 Nd3+ 10. Bxd3 Qxb3 11. axb3 Bxd3 12. Ne5 Bf5 13. b4 Nd7 14. b5 Nxe5
15. Bxe5 f6 16. Bg3 e5 17. b4 exd4 18. exd4 Bd3 19. b6 a6 20. b5 O-O-O 21. Rxa6
Bh6 22. Kd1 cxb5 23. c6 bxc6 24. Ra7 Rd7 25. Rxd7 Kxd7 26. b7 b4 27. Na4 Bc4
28. Nc5+ Ke7 29. Re1+ Kf7 30. Bd6 Rd8 31. Re7+ Kg8 32. Ne6 Bb3+ 1-0

[Event "X OPEN INTERNACIONAL"]
[Site "Arrasate"]
[Date "2010.11.05"]
[Round "5.2"]
[White "Miguel Quintero, Francisco"]
[Black "Argandoña Riveiro, Iñigo"]
[Result "1/2-1/2"]
[WhiteElo "2251"]
[BlackElo "2408"]
[PlyCount "43"]
[EventDate "2010.10.08"]

1. g3 c5 2. Bg2 Nf6 3. d3 d5 4. Nc3 d4 5. Ne4 Nxe4 6. dxe4 Nc6 7. Nf3 g6 8. e3
Bg7 9. exd4 cxd4 10. O-O O-O 11. Ne1 e5 12. Nd3 b6 13. f4 exf4 14. gxf4 Ba6 15.
Bd2 Rc8 16. Rf2 Re8 17. Qf3 Qh4 18. e5 Nd8 19. Rc1 Bb7 20. Qg3 Qxg3 21. hxg3
Bxg2 22. Bb4 1/2-1/2

[Event "X OPEN INTERNACIONAL"]
[Site "Arrasate"]
[Date "2010.11.05"]
[Round "5.3"]
[White "Ruiz Martinez, Isidro"]
[Black "Villalta Bustillo, Igor"]
[Result "1/2-1/2"]
[WhiteElo "1955"]
[BlackElo "2157"]
[PlyCount "142"]
[EventDate "2010.10.08"]

1. e4 e5 2. Nf3 Nf6 3. Nxe5 d6 4. Nf3 Nxe4 5. d3 Nf6 6. d4 d5 7. Bd3 Be7 8. O-O
O-O 9. Re1 c5 10. Bg5 Nc6 11. dxc5 Bxc5 12. Nc3 Be6 13. Bh4 h6 14. Qd2 Rc8 15.
a3 Be7 16. Rad1 Re8 17. Ne5 Bd6 18. Nf3 a6 19. Bg3 b5 20. Bxd6 Qxd6 21. b4 Ng4
22. h3 Nge5 23. Nxe5 Nxe5 24. Ne2 Nxd3 25. Qxd3 Rc4 26. Nd4 Rec8 27. Nxe6 fxe6
28. Qg6 R4c6 29. Rd2 Qd7 30. Rde2 e5 31. Qd3 Rc3 32. Qd1 d4 33. Rxe5 Rxc2 34.
Qd3 R2c3 35. Qg6 Rc1 36. Qd3 Rxe1+ 37. Rxe1 Qd6 38. Rd1 Rc4 39. a4 Rxb4 40.
axb5 axb5 41. Ra1 Ra4 42. Qb3+ Kh7 43. Rxa4 bxa4 44. Qxa4 d3 45. Kf1 Qe6 46.
Qg4 Qe5 47. Qd1 Qc3 48. g3 Qc2 49. Ke1 Qc3+ 50. Qd2 Qe5+ 51. Qe3 Qa5+ 52. Qd2
Qa3 53. h4 Qa1+ 54. Qd1 Qe5+ 55. Kd2 Qe4 56. Qe1 Qb4+ 57. Kd1 Qc4 58. Qe3 Kg6
59. Qe8+ Kf5 60. Qd7+ Kf6 61. Qd6+ Kf5 62. Qd7+ Ke4 63. Qg4+ Kd5 64. Qxc4+ Kxc4
65. Kd2 Kd4 66. f3 h5 67. g4 hxg4 68. fxg4 Ke4 69. h5 Kf4 70. h6 gxh6 71. Kxd3
Kxg4 1/2-1/2

[Event "X OPEN INTERNACIONAL"]
[Site "Arrasate"]
[Date "2010.11.05"]
[Round "5.4"]
[White "Prieto Aranguren, Alain"]
[Black "Tornay Gomez, Josu"]
[Result "0-1"]
[WhiteElo "2146"]
[BlackElo "2123"]
[PlyCount "74"]
[EventDate "2010.10.08"]

1. d4 Nf6 2. c4 g6 3. Nc3 d5 4. Bf4 Bg7 5. e3 c6 6. Be2 O-O 7. Nf3 Nbd7 8. h3
dxc4 9. Bxc4 Nb6 10. Bd3 Nbd5 11. Bh2 Nb4 12. Bb1 c5 13. O-O Qa5 14. a3 cxd4
15. exd4 Rd8 16. Qb3 Nbd5 17. Ba2 b6 18. Nxd5 Nxd5 19. Ne5 Bb7 20. Qf3 f6 21.
Nc4 Qb5 22. Ne3 e6 23. b4 Qd7 24. Ng4 h5 25. Ne3 Kh7 26. Bb1 f5 27. Be5 Nc3 28.
d5 Bxe5 29. dxe6 Bxf3 30. exd7 Bc6 31. Re1 Ne2+ 32. Rxe2 Bxa1 33. Nxf5 Rxd7 34.
Kh2 Bb5 35. Ra2 Be5+ 36. f4 Bxf4+ 37. g3 Rd2+ 0-1

[Event "X OPEN INTERNACIONAL"]
[Site "Arrasate"]
[Date "2010.11.05"]
[Round "5.5"]
[White "Miguelez Garcia, Erlantz"]
[Black "Miguel Quintero, Antonio"]
[Result "0-1"]
[WhiteElo "1974"]
[BlackElo "2185"]
[PlyCount "49"]
[EventDate "2010.10.08"]

1. d4 g6 2. e4 Bg7 3. c4 d6 4. Nf3 Bg4 5. Be2 Nc6 6. Be3 e5 7. dxe5 dxe5 8. Nc3
Nf6 9. O-O Bxf3 10. gxf3 O-O 11. f4 Re8 12. Bf3 Nd4 13. fxe5 Nxf3+ 14. Qxf3 Nd7
15. Qe2 Bxe5 16. f4 Bxc3 17. bxc3 Rxe4 18. Qd3 Qe7 19. Bd4 Re8 20. Kh1 Qe6 21.
f5 Qc6 22. Qf3 R8e7 23. Rg1 Ne5 24. Bxe5 R7xe5 25. Raf1 0-1

[Event "X OPEN INTERNACIONAL"]
[Site "Arrasate"]
[Date "2010.11.05"]
[Round "5.6"]
[White "Alcaide Luque, Aitor"]
[Black "Irure Crespo, Egoitz"]
[Result "1-0"]
[WhiteElo "2182"]
[BlackElo "1977"]
[PlyCount "49"]
[EventDate "2010.10.08"]

1. d4 d5 2. c4 c6 3. Nc3 Nf6 4. Bg5 dxc4 5. Bxf6 exf6 6. e3 b5 7. a4 b4 8. Ne4
Qd5 9. Ng3 Be6 10. Be2 c3 11. bxc3 bxc3 12. Nf3 Bb4 13. O-O a5 14. e4 Qb3 15.
d5 Qxd1 16. Rfxd1 c2 17. Rdc1 cxd5 18. Bb5+ Nd7 19. exd5 Bxd5 20. Rxc2 Be6 21.
Nd4 Bd6 22. Rd1 Bxg3 23. Nxe6 fxe6 24. Rxd7 Rb8 25. Rxg7+ 1-0

[Event "X OPEN INTERNACIONAL"]
[Site "Arrasate"]
[Date "2010.11.05"]
[Round "5.8"]
[White "Montolio Benedicto, Cesar"]
[Black "Etxagibel Larrañaga, Asier"]
[Result "1-0"]
[WhiteElo "1987"]
[BlackElo "1964"]
[PlyCount "57"]
[EventDate "2010.10.08"]

1. e4 c5 2. c3 Nf6 3. e5 Nd5 4. Nf3 Nc6 5. Bc4 Nb6 6. Bb3 e6 7. O-O d6 8. exd6
Bxd6 9. d4 cxd4 10. cxd4 O-O 11. a3 Ne7 12. Bg5 Nbd5 13. Nc3 h6 14. Nxd5 hxg5
15. Nxe7+ Qxe7 16. Ne5 b6 17. Qg4 g6 18. Rfe1 Kg7 19. Qd1 Bb7 20. d5 Rad8 21.
Qf3 Qc7 22. Rac1 Qb8 23. Ng4 Bf4 24. Qc3+ e5 25. Nxe5 Rc8 26. Nd7+ f6 27. Re7+
Rf7 28. Rxf7+ Kxf7 29. d6+ 1-0

[Event "X OPEN INTERNACIONAL"]
[Site "Arrasate"]
[Date "2010.11.05"]
[Round "5.10"]
[White "Villar Moron, Roberto"]
[Black "Ruiz Abad, Juan Manuel"]
[Result "0-1"]
[WhiteElo "1931"]
[BlackElo "1896"]
[PlyCount "104"]
[EventDate "2010.10.08"]

1. e4 d6 2. d4 Nf6 3. Nc3 g6 4. Bc4 Nc6 5. Bg5 Bg7 6. Qd2 O-O 7. f3 e5 8. d5
Nb8 9. h4 h5 10. Nh3 Bxh3 11. Rxh3 Qd7 12. O-O-O a6 13. Rg1 b5 14. Be2 c5 15.
dxc6 Nxc6 16. Bxf6 Bxf6 17. Nd5 Bg7 18. Nb6 Qa7 19. Qe3 Nd4 20. Kd1 Qxb6 21. c3
Bh6 22. Qxh6 Ne6 23. Rhh1 Nf4 24. g3 Nh3 25. Rf1 Nf2+ 26. Ke1 Nxh1 27. Rxh1 d5
28. exd5 Qf6 29. g4 hxg4 30. fxg4 Qg7 31. Qe3 Rad8 32. Bf3 e4 33. Bd1 Rxd5 34.
h5 Rfd8 35. Bb3 Re5 36. Qf4 g5 37. Qf2 e3 38. Qf3 Re7 39. h6 Qg6 40. h7+ Kh8
41. Bc2 Qd6 42. Rh2 e2 43. Rxe2 Rxe2+ 44. Qxe2 Qg3+ 45. Kf1 Qf4+ 46. Ke1 Qg3+
47. Kf1 Qf4+ 48. Ke1 Qc1+ 49. Bd1 Kxh7 50. b3 Kg8 51. Qc2 Qe3+ 52. Kf1 Rd2 0-1

[Event "X OPEN INTERNACIONAL"]
[Site "Arrasate"]
[Date "2010.11.12"]
[Round "6.1"]
[White "Miguel Quintero, Francisco"]
[Black "Franco Alonso, Alejandro"]
[Result "1/2-1/2"]
[WhiteElo "2251"]
[BlackElo "2490"]
[PlyCount "22"]
[EventDate "2010.10.08"]

1. Nf3 Nf6 2. g3 b5 3. Bg2 Bb7 4. d3 c5 5. c4 bxc4 6. dxc4 g6 7. Nc3 Bg7 8. O-O
O-O 9. Bg5 h6 10. Be3 d6 11. Qc1 Ng4 1/2-1/2

[Event "X OPEN INTERNACIONAL"]
[Site "Arrasate"]
[Date "2010.11.12"]
[Round "6.2"]
[White "Astasio Lopez, David"]
[Black "Argandoña Riveiro, Iñigo"]
[Result "1/2-1/2"]
[WhiteElo "2317"]
[BlackElo "2408"]
[PlyCount "211"]
[EventDate "2010.10.08"]

1. d4 Nf6 2. Nd2 d5 3. Ngf3 c5 4. e3 Nbd7 5. b3 g6 6. Bb2 Bg7 7. Be2 O-O 8. O-O
cxd4 9. exd4 b6 10. Re1 Bb7 11. Bd3 e6 12. a4 Rc8 13. Ra2 Nb8 14. Ne5 Nfd7 15.
Ndf3 Nxe5 16. Nxe5 Nc6 17. Nxc6 Bxc6 18. Ba6 Rb8 19. Qd3 Qc7 20. Bc1 Bb7 21.
Bxb7 Rxb7 22. a5 bxa5 23. Bd2 Qb6 24. Ra4 Rc8 25. Bxa5 Qb5 26. Qd2 Rc4 27. bxc4
Qxa4 28. cxd5 exd5 29. Qc3 Bf8 30. g3 Qd7 31. Kg2 h5 32. h4 Rb8 33. Qd3 Rc8 34.
Ra1 Rc4 35. Bd2 Bg7 36. Be3 Qc7 37. Ra2 a5 38. Bf4 Qb6 39. c3 a4 40. Be5 Qb3
41. Rc2 a3 42. Bxg7 Kxg7 43. Qd2 Rc6 44. Qe2 Re6 45. Qd2 Qc4 46. Ra2 Ra6 47.
Qc2 Ra7 48. Kg1 Re7 49. Qd2 Qb3 50. Ra1 Rc7 51. Qe3 Rxc3 52. Qe5+ Kh7 53. Qe7
Rf3 54. Kg2 Kg7 55. Kg1 Qb2 56. Qe5+ Kh7 57. Rf1 a2 58. Qxd5 a1=Q 59. Qxf3 Qa7
60. d5 Qba3 61. Qf4 Q3a4 62. Qf3 Qg4 63. Qb3 Qaa4 64. Qd3 Qae4 65. Rd1 Qxd3 66.
Rxd3 Qe4 67. Rd1 Qc2 68. Rd4 Qb2 69. Rd1 Qb3 70. Rd4 Qb6 71. Rd1 Qd6 72. Rd3
Kg7 73. Kg2 Kf6 74. Rd1 Ke7 75. Rd2 Kd7 76. Rd1 f6 77. Rd2 Qb4 78. Rd1 Kd6 79.
Kg1 Qb3 80. Rd2 Qc3 81. Rd1 Qc2 82. Rd4 Ke5 83. Rf4 Qd1+ 84. Kh2 Qxd5 85. Ra4
Qd2 86. Kg2 Kf5 87. Ra3 Qd5+ 88. Kg1 g5 89. hxg5 fxg5 90. Re3 Kg4 91. Kh2 h4
92. Ra3 Qc5 93. Re3 Kh5 94. gxh4 gxh4 95. Kg2 Qf5 96. Rh3 Kg5 97. Re3 Kg4 98.
Rh3 Qh7 99. Kh2 Kf4 100. Kg2 Qg6+ 101. Kh2 Qc2 102. Kg2 Kg5 103. Re3 Kg4 104.
Rh3 Qc1 105. Re3 Qb1 106. Rh3 1/2-1/2

[Event "X OPEN INTERNACIONAL"]
[Site "Arrasate"]
[Date "2010.11.12"]
[Round "6.3"]
[White "Alcaide Luque, Aitor"]
[Black "Ruiz Martinez, Isidro"]
[Result "1-0"]
[WhiteElo "2182"]
[BlackElo "1955"]
[PlyCount "49"]
[EventDate "2010.10.08"]

1. d4 Nf6 2. c4 g6 3. Nc3 Bg7 4. e4 d6 5. Nf3 O-O 6. Be2 e5 7. O-O Nc6 8. d5
Ne7 9. Ne1 c6 10. Be3 c5 11. a3 Kh8 12. Nd3 b6 13. f4 Ne8 14. Qe1 f5 15. Qh4
Ba6 16. fxe5 dxe5 17. Bg5 Bf6 18. Nxe5 Qd6 19. Nf3 Bxg5 20. Qxg5 Qf6 21. e5
Qxg5 22. Nxg5 h6 23. Ne6 Rf7 24. b3 g5 25. Bh5 1-0

[Event "X OPEN INTERNACIONAL"]
[Site "Arrasate"]
[Date "2010.11.12"]
[Round "6.4"]
[White "Miguel Quintero, Antonio"]
[Black "Villalta Bustillo, Igor"]
[Result "1/2-1/2"]
[WhiteElo "2185"]
[BlackElo "2157"]
[PlyCount "66"]
[EventDate "2010.10.08"]

1. e4 e5 2. Nf3 Nf6 3. Nc3 Nc6 4. d4 exd4 5. Nxd4 Bb4 6. Nxc6 bxc6 7. Bd3 d5 8.
exd5 cxd5 9. O-O O-O 10. Bg5 c6 11. Qf3 Bd6 12. Rae1 Rb8 13. b3 h6 14. Bxf6
Qxf6 15. Qxf6 gxf6 16. Ne2 Bd7 17. Nd4 Rfe8 18. Bf5 Bxf5 19. Nxf5 Bf8 20. Rxe8
Rxe8 21. Rd1 Re5 22. g4 h5 23. h3 hxg4 24. hxg4 Bc5 25. Kf1 Kh7 26. Re1 Kg8 27.
Re2 Kf8 28. f3 Rxe2 29. Kxe2 Ke8 30. Kd3 Kd7 31. c3 Bg1 32. c4 dxc4+ 33. Kxc4
Bf2 1/2-1/2

[Event "X OPEN INTERNACIONAL"]
[Site "Arrasate"]
[Date "2010.11.12"]
[Round "6.5"]
[White "Tornay Gomez, Josu"]
[Black "Hernando Casas, Jose Manuel"]
[Result "1/2-1/2"]
[WhiteElo "2123"]
[BlackElo "2049"]
[PlyCount "53"]
[EventDate "2010.10.08"]

1. c4 e5 2. Nc3 Nc6 3. g3 Nf6 4. Bg2 Be7 5. e4 d6 6. Nge2 Be6 7. d3 Qd7 8. Nd5
h6 9. O-O Bd8 10. f3 Bh3 11. Be3 O-O 12. Qd2 Nh7 13. b4 Bxg2 14. Kxg2 f5 15.
exf5 Rxf5 16. g4 Rf8 17. Ng3 Ne7 18. Nxe7+ Bxe7 19. d4 exd4 20. Bxd4 Bf6 21.
Rae1 Kh8 22. Nf5 Rae8 23. Qc3 Qf7 24. Ne3 Bxd4 25. Qxd4 Ng5 26. Nf5 Ne6 27. Qd2
1/2-1/2

[Event "X OPEN INTERNACIONAL"]
[Site "Arrasate"]
[Date "2010.11.12"]
[Round "6.9"]
[White "Ruiz Abad, Juan Manuel"]
[Black "Etxagibel Larrañaga, Asier"]
[Result "0-1"]
[WhiteElo "1896"]
[BlackElo "1964"]
[PlyCount "90"]
[EventDate "2010.10.08"]

1. e4 c5 2. Nf3 Nc6 3. d4 cxd4 4. Nxd4 Nf6 5. Nc3 e5 6. Ndb5 d6 7. Bg5 a6 8.
Na3 b5 9. Nd5 Be7 10. Bxf6 Bxf6 11. c3 O-O 12. Nc2 Bg5 13. a4 bxa4 14. Rxa4 Bb7
15. Bc4 Na5 16. Ba2 Bc6 17. Ra3 Bb5 18. b4 Nc4 19. Bxc4 Bxc4 20. h4 Bh6 21. g4
Bf4 22. Nxf4 exf4 23. Nd4 Re8 24. f3 d5 25. e5 Rxe5+ 26. Kf2 Qe7 27. Ra1 Re8
28. Qd2 Re3 29. Rae1 g6 30. h5 Rxe1 31. Qxe1 Qxe1+ 32. Rxe1 Rxe1 33. Kxe1 gxh5
34. gxh5 Kg7 35. Nf5+ Kf6 36. Nd6 Kg5 37. Nxf7+ Kxh5 38. Kf2 d4 39. Ne5 dxc3
40. Ke1 Bb3 41. Nd3 Kg5 42. Nc5 Bc4 43. Ne4+ Kh4 44. Nxc3 Kg3 45. Ne4+ Kg2 0-1

[Event "X OPEN INTERNACIONAL"]
[Site "Arrasate"]
[Date "2010.11.12"]
[Round "6.10"]
[White "Alcaide Rodriguez, Mikel"]
[Black "Villar Moron, Roberto"]
[Result "0-1"]
[WhiteElo "1799"]
[BlackElo "1931"]
[PlyCount "48"]
[EventDate "2010.10.08"]

1. d4 Nf6 2. Bg5 e6 3. e4 Be7 4. Nd2 Nd5 5. Bxe7 Nxe7 6. Bd3 b6 7. f4 f5 8.
Ngf3 Bb7 9. O-O O-O 10. Qe2 Nbc6 11. c3 Ng6 12. Ne5 fxe4 13. Bxe4 Nxf4 14. Rxf4
Rxf4 15. Qh5 Rxe4 16. Nxe4 Nxe5 17. Qxe5 Qe7 18. Ng3 c5 19. Rf1 cxd4 20. cxd4
g6 21. Re1 Rc8 22. Kh1 Qb4 23. b3 Qd2 24. Rb1 Qxg2# 0-1